Understanding human behavior : (Record no. 99129)
[ view plain ]
| 000 -LEADER | |
|---|---|
| fixed length control field | 03215nam a22003497a 4500 |
| 003 - CONTROL NUMBER IDENTIFIER | |
| control field | URS |
| 005 - DATE AND TIME OF LATEST TRANSACTION | |
| control field | 20260321231614.0 |
| 008 - FIXED-LENGTH DATA ELEMENTS--GENERAL INFORMATION | |
| fixed length control field | 260321b |||||||| |||| 00| 0 eng d |
| 020 ## - INTERNATIONAL STANDARD BOOK NUMBER | |
| International Standard Book Number | 978-0-35761-860-8 |
| 040 ## - CATALOGING SOURCE | |
| Language of cataloging | English |
| Transcribing agency | URS |
| Description conventions | rda |
| 050 00 - LIBRARY OF CONGRESS CALL NUMBER | |
| Classification number | R727.3 |
| Item number | .H7572 2024 |
| 100 1# - MAIN ENTRY--PERSONAL NAME | |
| Personal name | Honeycutt, Alyson, |
| Relator term | author. |
| 245 10 - TITLE STATEMENT | |
| Title | Understanding human behavior : |
| Remainder of title | a guide for health care professionals / |
| Statement of responsibility, etc | Alyson Honeycutt, M.A., N.C.C., and Mary Elizabeth Milliken, B.S.N., M.S., Ed.D., Certified Healing Touch Practictioner. |
| 250 ## - EDITION STATEMENT | |
| Edition statement | 10th edition. |
| 264 #1 - PUBLICATION, DISTRIBUTION, ETC. (IMPRINT) | |
| Place of publication, distribution, etc | Boston, Massachusetts : |
| Name of publisher, distributor, etc | Cengage Learning, |
| Date of publication, distribution, etc | ©2024. |
| 300 ## - PHYSICAL DESCRIPTION | |
| Extent | xii, 336 pages : |
| Other physical details | color illustrations ; |
| Dimensions | 28 cm. |
| 336 ## - CONTENT TYPE | |
| Content type term | text |
| Source | rdacontent |
| 337 ## - MEDIA TYPE | |
| Media type term | unmediated |
| Source | rdamedia |
| 338 ## - CARRIER TYPE | |
| Carrier type term | volume |
| Source | rdacarrier |
| 504 ## - BIBLIOGRAPHY, ETC. NOTE | |
| Bibliography, etc | Includes bibliographical references and index. |
| 505 0# - FORMATTED CONTENTS NOTE | |
| Formatted contents note | Ch. 1. Challenges and responsibilities of health care professionals -- Ch. 2. The philosophy of individual worth -- Ch. 3. Self-understanding -- Ch. 4. Influences on behavior -- Ch. 5. Physical needs -- Ch. 6. Self-esteem and social needs -- Ch. 7. Emotions and behavior -- Ch. 8. Adjustment and patterns of behavior -- Ch. 9. Common threats to adjustment -- Ch. 10. Effects of trauma -- Ch. 11. Defense mechanisms -- Ch. 12. Frustration and inner conflict -- Ch. 13. Effects of illness on behavior -- Ch. 14. Human relations and coping with patient behavior -- Ch. 15. Practicing effective communication -- Ch. 16. Grief and loss throughout life -- Ch. 17. Death: attitudes and practices -- Ch. 18. Caring for the dying person -- Ch. 19. Health care through the ages -- Ch. 20. What is healing? Who is the healer? -- Ch. 21. Alternative, complementary, and integrative medicine -- Ch. 22. Managing stress. |
| 520 ## - SUMMARY, ETC. | |
| Summary, etc | "Updated to reflect the latest developments in the field, UNDERSTANDING HUMAN BEHAVIOR, 9e, delivers reliable, practical information students need to gain a solid understanding of basic psychological concepts from a health care perspective. In addition to its signature need-to-know presentation and easy-to-read writing style, the ninth edition is more streamlined and now includes full-color illustrations. Its concise yet thorough coverage spans a broad range of important mental health topics and addresses them alongside their implications for health care professionals. Presenting both client and caregiver perspectives, this powerful book explores the behaviors, emotions, and coping mechanisms encountered in a variety of health care situations and settings. Real-world examples and activities that encourage students to examine their own behaviors round out the book's comprehensive approach, making this a must-have tool for health care programs."-- |
| Assigning source | Publisher's website. |
| 650 #0 - SUBJECT ADDED ENTRY--TOPICAL TERM | |
| Topical term or geographic name as entry element | Allied health personnel and patient. |
| 650 #0 - SUBJECT ADDED ENTRY--TOPICAL TERM | |
| Topical term or geographic name as entry element | Allied health personnel |
| General subdivision | Psychology. |
| 650 12 - SUBJECT ADDED ENTRY--TOPICAL TERM | |
| Topical term or geographic name as entry element | Professional-Patient Relations. |
| 650 22 - SUBJECT ADDED ENTRY--TOPICAL TERM | |
| Topical term or geographic name as entry element | Allied Health Personnel. |
| 650 22 - SUBJECT ADDED ENTRY--TOPICAL TERM | |
| Topical term or geographic name as entry element | Behavior. |
| 650 #7 - SUBJECT ADDED ENTRY--TOPICAL TERM | |
| Topical term or geographic name as entry element | Allied health personnel and patient. |
| Source of heading or term | fast |
| Authority record control number | (OCoLC)fst00805617 |
| 650 #7 - SUBJECT ADDED ENTRY--TOPICAL TERM | |
| Topical term or geographic name as entry element | Allied health personnel |
| General subdivision | Psychology. |
| Source of heading or term | fast |
| Authority record control number | (OCoLC)fst00805606 |
| 700 1# - ADDED ENTRY--PERSONAL NAME | |
| Personal name | Milliken, Mary Elizabeth, |
| Relator term | author. |
| 942 ## - ADDED ENTRY ELEMENTS (KOHA) | |
| Source of classification or shelving scheme | Library of Congress Classification |
| Koha item type | Reserved Books |
| Withdrawn status | Lost status | Source of classification or shelving scheme | Damaged status | Not for loan | Collection code | Home library | Current library | Shelving location | Date acquired | Source of acquisition | Cost, normal purchase price | Total Checkouts | Full call number | Barcode | Date last seen | Copy number | Cost, replacement price | Price effective from | Koha item type |
|---|---|---|---|---|---|---|---|---|---|---|---|---|---|---|---|---|---|---|---|
| Library of Congress Classification | Non-fiction | Taytay College Library | Taytay College Library | Medicine Collection | 03/21/2026 | Purchased | 8789.00 | R727.3 .H7572 2024 | URSTAY-6103 | 03/21/2026 | 1 | 8798.00 | 03/21/2026 | Reserved Books |